El principio de conservación y transformación de la energía social /

Сохранить в:
Библиографические подробности
Главный автор: Hirschman, Alberth O
Формат: Текст
Предметы:
Метки: Добавить метку
Нет меток, Требуется 1-ая метка записи!

MARC

LEADER 00000 a a2200000 04500
001 41593
003
040
100 |a Hirschman, Alberth O  
245 |a El principio de conservación y transformación de la energía social /  |c Alberth O Hirschman  
650 |a ORGANIZACIONES NO GUBERNAMENTALES  
650 |a POBREZA  
650 |a PROYECTOS DE DESARROLLO  
650 |a CAMBIO SOCIAL  
650 |a COOPERATIVAS  
650 |a CAMPESINADO  
773 |g volumen7, número2 ( , 1983) páginas 3-9  
999 |c 35137  |d 35137